000 00568nam a2200181Ia 4500
008 240729s9999 xx 000 0 und d
022 _a2394-0999
245 0 _aIndian Journal of Vascular and Endovascular Surgery
260 _aIndia
260 _bWolters Kluwer Medknow Publications
650 _a Diseases of the circulatory (Cardiovascular) system
650 _a Internal medicine
650 _a Specialties of internal medicine
650 _aMedicine
856 _uhttps://doaj.org/toc/9889a135d28d468595e01c954488f730
942 _2ddc
942 _cDOAJEJ
999 _c70183
_d70183
945 _a1
_bMadushi Gamage
_c1
_dMadushi Gamage